| Tag |
First Indicator |
Second Indicator |
Subfields |
| LEADER |
00000cam a2200000La 4500 |
| 001 |
in00002681021 |
| 005 |
20210727155452.0 |
| 006 |
m u |
| 007 |
cr cn| |
| 008 |
101204s2011 gw abd ob 001 0 eng d |
| 019 |
|
|
|a 694568778
|
| 020 |
|
|
|a 3540765042 (e-book)
|
| 020 |
|
|
|a 9783540765042 (e-book)
|
| 020 |
|
|
|z 9783540765035
|
| 035 |
|
|
|a (OCoLC)694146706
|z (OCoLC)694568778
|
| 035 |
|
|
|a (OCoLC)ocn694146706
|
| 035 |
|
|
|a 3849893
|
| 037 |
|
|
|a 978-3-540-76503-5
|b Springer
|n http://www.springerlink.com
|
| 040 |
|
|
|a E7B
|b eng
|c E7B
|d OCLCQ
|d GW5XE
|d UtOrBLW
|
| 049 |
|
|
|a TXAC
|
| 050 |
|
4 |
|a QE511.4
|b .F75 2011eb
|
| 082 |
0 |
4 |
|a 551.136
|2 22
|
| 100 |
1 |
|
|a Frisch, Wolfgang.
|0 http://id.loc.gov/authorities/names/n91070673
|
| 245 |
1 |
0 |
|a Plate tectonics :
|b continental drift and mountain building /
|c Wolfgang Frisch ; Martin Meschede ; Ronald Blakey.
|
| 264 |
|
1 |
|a Berlin ;
|a Heidelberg :
|b Springer-Verlag,
|c 2011.
|
| 300 |
|
|
|a 1 online resource.
|
| 336 |
|
|
|a text
|b txt
|2 rdacontent
|
| 337 |
|
|
|a computer
|b c
|2 rdamedia
|
| 338 |
|
|
|a online resource
|b cr
|2 rdacarrier
|
| 500 |
|
|
|a Electronic resource.
|
| 504 |
|
|
|a Includes bibliographical references and index.
|
| 588 |
|
|
|a Description based on print version record.
|
| 650 |
|
0 |
|a Continental drift.
|0 http://id.loc.gov/authorities/subjects/sh85031548
|
| 650 |
|
0 |
|a Geology, Structural.
|0 http://id.loc.gov/authorities/subjects/sh85054117
|
| 650 |
|
0 |
|a Mountains.
|0 http://id.loc.gov/authorities/subjects/sh85087823
|
| 650 |
|
0 |
|a Plate tectonics.
|0 http://id.loc.gov/authorities/subjects/sh85103239
|
| 655 |
|
4 |
|a Electronic books.
|
| 655 |
|
7 |
|a Electronic books.
|2 local
|
| 700 |
1 |
|
|a Blakey, Ronald.
|
| 700 |
1 |
|
|a Meschede, Martin.
|0 http://id.loc.gov/authorities/names/no2008043546
|
| 776 |
0 |
8 |
|i Print version:
|a Frisch, Wolfgang, 1943-
|t Plate tectonics.
|d Berlin ; London : Springer, 2008
|z 9783540765035
|w (OCoLC)502287342
|
| 856 |
4 |
0 |
|u http://proxy.library.tamu.edu/login?url=https://dx.doi.org/10.1007/978-3-540-76504-2
|z Connect to the full text of this electronic book
|t 0
|
| 994 |
|
|
|a 92
|b TXA
|
| 999 |
|
|
|a MARS
|
| 999 |
f |
f |
|s 0799a727-8741-3533-b3e6-2c67205a98bd
|i e8e3976d-06a7-369d-8a56-7643e93a8ead
|t 0
|
| 952 |
f |
f |
|a Texas A&M University
|b College Station
|c Electronic Resources
|d Available Online
|t 0
|e QE511.4 .F75 2011eb
|h Library of Congress classification
|
| 998 |
f |
f |
|a QE511.4 .F75 2011eb
|t 0
|l Available Online
|